| 000 | 00978nam a2200265Ia 4500 | ||
|---|---|---|---|
| 003 | OSt | ||
| 005 | 20221005104011.0 | ||
| 006 | a|||||r|||| 00| 0 | ||
| 007 | ta | ||
| 008 | 221004b |||||||| |||| 00| 0 hin d | ||
| 020 |
_a9788179171943 (hbk) _cINR 575.00 |
||
| 024 | _a66205 | ||
| 037 |
_bGV719, 09/03/2020, Vani Prakashan _cTextual |
||
| 040 |
_aCRL _cCRL _bhin |
||
| 041 |
_2hin _ahin |
||
| 082 | _aX.1v, 152Q7 | ||
| 100 | _aमिश्र, गिरीश, ले. | ||
| 245 | 0 | _aभूमंडलीकरण का संक्षिप्त इतिहास | |
| 246 | _aBhūmanḍalīkaraṇ kā sankṣhipta itihāsa | ||
| 260 |
_aदिल्ली _bग्रंथ शिल्पी भारत _c2017 |
||
| 300 |
_a192पृ0 _ccm. |
||
| 650 | _aअर्थशास्त्र | ||
| 942 |
_hX.1v, 152Q7 _cTEXL _2cc |
||
| 999 |
_c1011461 _d1011461 |
||